00515 2200193 4500001002100000005001700021008004100038035002400079040001200103082001100115090001800126100001700144245006500161260002500226300001900251650002700270850001200297990001200309YOGYA-0612000000079020120612180832.0 ind  0010-061200000000788 aYOPDYOG a796.48 a796.48bKat S aKatili, A.A. aSedjarah permainan olympiade dan olahraga /coleh A.A Katili aJakartab[s.n]c1948 a203 hlmc20 cm aPertandingan Olympiade aYOPDYOG a53548-a